Catálogo
 En Linea

Tifoidea y otros cuentos / (Registro nro. 45521)

Detalles MARC
000 -CABECERA
campo de control de longitud fija 02027nam a2200313 a 4500
001 - NÚMERO DE CONTROL
campo de control 000046032
005 - FECHA Y HORA DE LA ÚLTIMA TRANSACCIÓN
campo de control 20201002052608.0
008 - DATOS DE LONGITUD FIJA--INFORMACIÓN GENERAL
campo de control de longitud fija 150612s2005 dr 000 j spa d
020 ## - NÚMERO INTERNACIONAL ESTÁNDAR DEL LIBRO
Número Internacional Estándar del Libro 9993491276
040 ## - FUENTE DE LA CATALOGACIÓN
Centro catalogador/agencia de origen DO-SdBNP
Lengua de catalogación spa
Centro/agencia transcriptor BNPHU
082 ## - NÚMERO DE LA CLASIFICACIÓN DECIMAL DEWEY
Número de clasificación xxxx
Número de documento/Ítem xxxx
111 1# - ENTRADA PRINCIPAL--NOMBRE DE CONGRESO/REUNIÓN
Nombre de congreso/reunión o jurisdicción como elemento de entrada Premio Internacional de Cuento
Fecha del congreso/reunión (2005 :
Sede del congreso/Lugar de la reunión Santo Domingo, República Dominicana)
9 (RLIN) 74099
245 10 - MENCIÓN DE TÍTULO
Título Tifoidea y otros cuentos /
Mención de responsabilidad, etc. Premio Internacional de Cuento 2005 ; edición Vivian Lechuga.
246 10 - FORMA VARIANTE DE TÍTULO
Título propio/Titulo breve Tifoidea
260 ## - PUBLICACIÓN, DISTRIBUCIÓN, ETC.
Lugar de publicación, distribución, etc. Santo Domingo :
Nombre del editor, distribuidor, etc. Casa de Teatro,
-- Amiga del Hogar,
Fecha de publicación, distribución, etc. 2005.
300 ## - DESCRIPCIÓN FÍSICA
Extensión 129 p. ;
Dimensiones 21 cm.
505 0# - NOTA DE CONTENIDO CON FORMATO
Información miscelánea Primer premio :
Título Tifoidea /
Mención de responsabilidad María Victoria Albornoz Vázquez (Colombia) --
Información miscelánea Segundo premio :
Título A pesar de la lluvia /
Mención de responsabilidad Inés Mendoza Añez (España) --
Información miscelánea Tercer premio :
Título El Color del "tsunami" /
Mención de responsabilidad Pilar Merino Martínez (Espana) --
Información miscelánea Primera mención :
Título Interior con fotografía /
Mención de responsabilidad Germán Gaviria Álvarez (Colombia) --
Información miscelánea Segunda mención :
Título Crónicas de buenas familias /
Mención de responsabilidad Leo Silverio (República Dominicana) --
Información miscelánea Tercera mención :
Título Sueño americano uno /
Mención de responsabilidad Eduardo Lantigua (República Dominicana) --
Información miscelánea Cuarta mención :
Título El pasado /
Mención de responsabilidad Ignacio del Valle Rodríguez (España) --
Información miscelánea Quinta mención :
Título La Sombra del tigre /
Mención de responsabilidad Miguel Terry Valdespino (Cuba) --
Información miscelánea Sexta Mención :
Título Safari /
Mención de responsabilidad Mario Dávalos Perdomo (República Dominicana).
586 ## - NOTA DE PREMIOS
Nota de premios Premio Internacional de Cuento 2005
700 12 - PUNTO DE ACCESO ADICIONAL--NOMBRE DE PERSONA
Nombre de persona Lechuga, Vivian,
Término indicativo de función/relación ed.
9 (RLIN) 10977
700 12 - PUNTO DE ACCESO ADICIONAL--NOMBRE DE PERSONA
Nombre de persona Albornoz Vázquez, María Victoria
Título de la obra Tifoidea
9 (RLIN) 74100
700 12 - PUNTO DE ACCESO ADICIONAL--NOMBRE DE PERSONA
Nombre de persona Mendoza Añez, Inés
Título de la obra A pesar de la lluvia
9 (RLIN) 74101
700 12 - PUNTO DE ACCESO ADICIONAL--NOMBRE DE PERSONA
Nombre de persona Merino Martínez, Pilar
Título de la obra Color del "tsunami"
9 (RLIN) 74102
700 12 - PUNTO DE ACCESO ADICIONAL--NOMBRE DE PERSONA
Nombre de persona Gaviria Álvarez, Germán
Título de la obra Interior con fotografía
9 (RLIN) 74103
700 12 - PUNTO DE ACCESO ADICIONAL--NOMBRE DE PERSONA
Nombre de persona Silverio, Leo
Título de la obra Crónicas de buenas familias
9 (RLIN) 74104
700 12 - PUNTO DE ACCESO ADICIONAL--NOMBRE DE PERSONA
Nombre de persona Lantigua, Eduardo
Título de la obra Sueño americano uno
9 (RLIN) 74105
700 12 - PUNTO DE ACCESO ADICIONAL--NOMBRE DE PERSONA
Nombre de persona Valle Rodríguez, Ignacio del
Título de la obra El pasado
9 (RLIN) 74106
700 12 - PUNTO DE ACCESO ADICIONAL--NOMBRE DE PERSONA
Nombre de persona Valdespino, Miguel Terry
Título de la obra Sombra del tigre
9 (RLIN) 74107
700 12 - PUNTO DE ACCESO ADICIONAL--NOMBRE DE PERSONA
Nombre de persona Dávalos Perdomo, Mario
Título de la obra Safari
9 (RLIN) 74108
Existencias
Estado de retiro Estado de pérdida No para préstamo Código de colección Localización permanente Ubicación/localización actual Ubicación en estantería Fecha de adquisición Número de inventario Total de préstamos Signatura topográfica completa Código de barras Fecha visto por última vez Precio válido a partir de Tipo de ítem Koha Número de copia
    Excluido de préstamo Patrimonio Dominicano Patrimonio Dominicano Patrimonio Dominicano En catalogación 12.06.2015 LF1   xxxx xxxx 46032-10 25.06.2020 25.06.2020 Libro y Folleto Colección Patrimonio Dominicano  
    Excluido de préstamo Patrimonio Dominicano Patrimonio Dominicano Patrimonio Dominicano En catalogación 12.06.2015 LF1   xxxx xxxx 46032-20 25.06.2020 25.06.2020 Libro y Folleto Colección Patrimonio Dominicano e. 2

Con tecnología Koha